Génesis, complicaciones y terapéutica de los hidroceles ; Diagnóstico diferencial de los tumores del abdomen / (Record no. 181836)

MARC details
000 -LEADER
campo de control de longitud fija 01059nam a2200229 i 4500
001 - NÚMERO DE CONTROL
campo de control 181836
003 - IDENTIFICADOR DE NÚMERO DE CONTROL
campo de control ES-MaACL
005 - FECHA Y HORA DE LA ÚLTIMA TRANSACCIÓN
campo de control 20230906221451.0
008 - DATOS DE LONGITUD FIJA--INFORMACIÓN GENERAL
campo de control de longitud fija 130408s1883 sp |||| | spa d
100 1# - ENTRADA PRINCIPAL--NOMBRE DE PERSONA
Nombre de persona Ribera y Sans, José,
Fechas asociadas al nombre 1852-1912
9 (RLIN) 131774
245 10 - MENCIÓN DEL TÍTULO
Título Génesis, complicaciones y terapéutica de los hidroceles ; Diagnóstico diferencial de los tumores del abdomen /
Mención de responsabilidad, etc. por José Ribera y Sans.
246 3# - FORMA VARIANTE DEL TITULO
Título propio/Titulo breve Diagnóstico diferencial de los tumores del abdomen
260 ## - PUBLICACIÓN, DISTRIBUCIÓN, ETC.
Lugar de publicación, distribución, etc. Madrid :
Nombre del editor, distribuidor, etc. [s.n.],
Fecha de publicación, distribución, etc. 1883 (
Fabricante Administración de la Revista de Medicina y Cirugía Prácticas)
300 ## - DESCRIPCIÓN FÍSICA
Extensión 201 p. ;
Dimensiones 22 cm.
490 1# - MENCIÓN DE SERIE
Mención de serie Biblioteca económica de la Revista de medicina y cirugía prácticas
594 ## - Nota al título y mención de responsabilidad
Nota al título y mención de responsabilidad En port.: Memorias premiadas por la Academia Médico-Quirúrgica de Madrid.
650 #4 - PUNTO DE ACCESO ADICIONAL DE MATERIA--TÉRMINO DE MATERIA
Término de materia o nombre geográfico como elemento de entrada Hidrocele.
9 (RLIN) 152587
650 #4 - PUNTO DE ACCESO ADICIONAL DE MATERIA--TÉRMINO DE MATERIA
Término de materia o nombre geográfico como elemento de entrada Abdomen-
Subdivisión general Tumores.
9 (RLIN) 152588
830 1# - PUNTO DE ACCESO ADICIONAL DE SERIE-TÍTULO UNIFORME
Título uniforme Biblioteca económica de la Revista de medicina y cirugía prácticas
9 (RLIN) 182251
852 ## - LOCALIZACIÓN
Ubicación ES-MaACL
Número de control de estantería B-12713(2)
Nota libre - Enc. en un vol. facticio
Holdings
Estatus retirado Estado de pérdida Estado de daño No para préstamo Colección Biblioteca de origen Biblioteca actual Ubicación en estantería Fecha de adquisición Fuente de adquisición Total de préstamos Signatura topográfica completa Código de barras Visto por última vez Precio de reemplazo Tipo de ítem Koha
        Libros del s. XIX Biblioteca del Ateneo de Madrid Biblioteca del Ateneo de Madrid Sala Pardo Bazán 08/04/2013     B-12713(2) 1191088 23/02/2023 23/02/2023 Libro impreso antiguo